| 000 | 02496cam a22004697a 4500 | ||
|---|---|---|---|
| 999 |
_c28976 _d28947 |
||
| 001 | 15147118 | ||
| 003 | EG-ScBUE | ||
| 005 | 20201020142036.0 | ||
| 006 | m||||fq||h 00| 0 | ||
| 008 | 080118t2006 maua f d 001 0 eng d | ||
| 020 | _a1418836346 | ||
| 020 | _a9781418836344 | ||
| 035 | _a(OCoLC)ocm64667833 | ||
| 040 |
_aCDF _beng _erda _cCDF _dBAKER _dYDXCP _dBTCTA _dDLC _dEG-ScBUE |
||
| 082 | 0 | 4 |
_a005.15 _bFAR _222 |
| 100 | 1 |
_aFarrell, Joyce, _eauthor. |
|
| 245 | 1 | 0 |
_aProgramming logic and design : _bintroductory / _cJoyce Farrell. |
| 250 | _aFourth edition. | ||
| 264 | 1 |
_aBoston, Massachusetts : _bThomson Place, _c[2006] |
|
| 264 | 4 | _cc2006 | |
| 300 |
_a1 volume (various pagings) : _billustrations ; _c24 cm + _e1 CD |
||
| 336 |
_2rdacontent _atext _btxt |
||
| 336 |
_2rdacontent _asounds _bsnd |
||
| 337 |
_2rdamedia _aunmediated _bn |
||
| 337 |
_2rdamedia _aaudio _bs |
||
| 338 |
_2rdacarrier _avolume _bnc |
||
| 338 |
_2rdacarrier _acomputer disc _bcd |
||
| 500 | _aIncludes index. | ||
| 500 | _aIncludes glossary. | ||
| 500 | _aIncludes appendix. | ||
| 505 | 2 | _a1. An overview of computers and logic -- 2. Understanding structure -- 3. Modules, hierarchy charts, and documentation -- 4. Desiging and writing a complete program -- 5. Making decisions -- 6. Looping -- 7. Control breaks -- 8. Arrays -- 9. Advanced array manipulation -- 10. Using menus and validating input -- 11. Sequential file merging, matching, and updating -- 12. Advanced modularization techniques -- 13. Object-oriented programming -- 14. Event-driven programming with graphical user interfaces -- 15. System modeling with UML -- 16. Using relational databases -- Appendix A. Solving difficult structuring problems -- Appendix B. Understanding numbering systems and computer codes -- Appendix C. Using a large decision table -- Glossary -- Index. | |
| 650 | 7 |
_aLogic programming. _2BUEsh |
|
| 650 | 7 |
_aLogic design. _2BUEsh |
|
| 653 |
_bMASIICCSS _cOctober2020 |
||
| 655 |
_vReading book _934232 |
||
| 856 | 4 | 2 |
_3Publisher description _uhttp://www.loc.gov/catdir/enhancements/fy1215/2008270776-d.html |
| 856 | 4 | 1 |
_3Table of contents only _uhttp://www.loc.gov/catdir/enhancements/fy1215/2008270776-t.html |
| 856 | 4 | 2 |
_3Contributor biographical information _uhttp://www.loc.gov/catdir/enhancements/fy1302/2008270776-b.html |
| 906 |
_a7 _bcbc _ccopycat _d2 _encip _f20 _gy-gencatlg |
||
| 942 |
_2ddc _cBB |
||